| 000 | 00521nam a2200205Ia 4500 | ||
|---|---|---|---|
| 005 | 20240823025319.0 | ||
| 008 | 240823s9999||||xx |||||||||||||| ||und|| | ||
| 020 | _a978-81-203-4129-6 | ||
| 041 | _aENGLISH | ||
| 082 | _A628 Q1 | ||
| 100 | _aRichard T Wright | ||
| 245 | 0 | _aEnvironmental science toward a Sustainable Future | |
| 250 | _a11th | ||
| 260 |
_c2011 _b#VALUE! |
||
| 500 | _aTRANSFERED | ||
| 650 |
_aEnvironment _bAerospace Engineering |
||
| 700 | _a Dorothy F Boorac | ||
| 942 | _cBK | ||
| 999 |
_c186020 _d186020 |
||